Интенсификация развития региональных транспортных систем Северо-Востока СССР : (Record no. 215469)
[ view plain ]
| 000 -LEADER | |
|---|---|
| fixed length control field | 01220nam a2200217 u 4500 |
| 001 - CONTROL NUMBER | |
| control field | 000556166 |
| 003 - CONTROL NUMBER IDENTIFIER | |
| control field | AM-YeHGA |
| 005 - DATE AND TIME OF LATEST TRANSACTION | |
| control field | 20250617140211.0 |
| 008 - FIXED-LENGTH DATA ELEMENTS--GENERAL INFORMATION | |
| fixed length control field | 071105s1987 ||| r 000 0 rus d |
| 040 ## - CATALOGING SOURCE | |
| Original cataloging agency | AM-YeHGA |
| 041 0# - LANGUAGE CODE | |
| Language code of text/sound track or separate title | rus |
| 090 ## - LOCALLY ASSIGNED LC-TYPE CALL NUMBER (OCLC); LOCAL CALL NUMBER (RLIN) | |
| -- | 216988 |
| 245 00 - TITLE STATEMENT | |
| Title | Интенсификация развития региональных транспортных систем Северо-Востока СССР : |
| Remainder of title | Сборник научных трудов / |
| Statement of responsibility, etc. | АН СССР, Сиб. отд-ние, Якут. фил., Ин-т экономики комплекс. освоения природ. ресурсов Севера; Отв. ред.: Е.Н. Язев. |
| 260 ## - PUBLICATION, DISTRIBUTION, ETC. | |
| Place of publication, distribution, etc. | Якутск : |
| Name of publisher, distributor, etc. | ЯФ СО АН СССР, |
| Date of publication, distribution, etc. | 1987. |
| 300 ## - PHYSICAL DESCRIPTION | |
| Extent | 109 с. : |
| Other physical details | граф. |
| 504 ## - BIBLIOGRAPHY, ETC. NOTE | |
| Bibliography, etc. note | Библиогр. в конце ст. |
| 653 0# - INDEX TERM--UNCONTROLLED | |
| Uncontrolled term | Транспорт - Северо-Восток СССР |
| 653 0# - INDEX TERM--UNCONTROLLED | |
| Uncontrolled term | Северо-Восток СССР |
| 710 2# - ADDED ENTRY--CORPORATE NAME | |
| Corporate name or jurisdiction name as entry element | Академия наук СССР |
| Subordinate unit | Сибирское отделение |
| -- | Якутский филиал |
| 710 2# - ADDED ENTRY--CORPORATE NAME | |
| Corporate name or jurisdiction name as entry element | Институт экономики комплексного освоения природных ресурсов Севера СО АН СССР |
| Withdrawn status | Lost status | Damaged status | Not for loan | Collection | Home library | Current library | Date acquired | Total checkouts | Full call number | Barcode | Date last seen | Price effective from | Koha item type | Public note |
|---|---|---|---|---|---|---|---|---|---|---|---|---|---|---|
| General | Fundamental Scientific Library | Fundamental Scientific Library | 28/12/2016 | РII/594887 | FL0020361 | 28/12/2016 | 28/12/2016 | Գրքեր / Books | 30 Days Loan |
ՀՀ Գիտությունների ազգային ակադեմիայի հիմնարար գիտական գրադարան = Fundamental Scientific Library of NAS RA
All site content, except where otherwise noted, is licensed under a